000 00700nam a22001937a 4500
999 _c170114
_d170114
005 20191211111805.0
010 _aB-731125
020 _a8189687177
_c895.00
035 _aB-731125
037 _adpl
_bShabd Sagar
082 _a808.84
100 _aJain, Manish
245 _aA comprehensive guide to essays :
_bfor upper and secondary school level /
_cby Manish Jain
260 _aDelhi
_bShabd Sagar
_c2018
270 _a430, First Floor, Maharam Mohalla
_bDelhi
_e110032
300 _a560p.:
_c25cm(Hb)
942 _2ddc
_cEN
_mJAI
_h808.84